| 000 | 01362cam a2200253 4500 | ||
|---|---|---|---|
| 001 | ABS68177 | ||
| 008 | 040809n2004 000 0 eng u | ||
| 035 | _a(Sirsi) u127028 | ||
| 100 | _aSaunders, J. | ||
| 245 | _aAttitudes towards waste minimisation amongst labour only sub-contractors | ||
| 260 | _c2004 | ||
| 490 |
_aStructural Survey _v22(3) 2004, 148-155(8) |
||
| 520 | _aWaste generation by the construction industry is a significant issue. The paper examines previous studies about attitudes towards waste management within the industry and sets out to examine: the extent of labour only sub-contractors' awareness and understanding of waste as an issue; their perceptions of the causes of waste and their attitudes towards the allocation of financial responsibility for waste minimisation. A survey shows that the results of previous studies can be extended to labour only sub-contractors and it identifies a willingness, beyond what might have been anticipated for this group, to accept some of the costs of waste reduction. [Taken from journal abstract]. | ||
| 590 | _aABS | ||
| 590 | _aABS | ||
| 650 | _aCONSTRUCTION INDUSTRY | ||
| 650 | _aLABOUR-ONLY SUBCONTRACTING | ||
| 650 | _aWASTE MINIMISATION | ||
| 650 | _aCONSTRUCTION WASTE | ||
| 650 | _aSUBCONTRACTORS | ||
| 690 | _aWASTE MANAGEMENT | ||
| 700 | _aWynn, P. | ||
| 942 | _n0 | ||
| 999 |
_c117827 _d117827 |
||